| 000 | 00782nam a2200253 i 4500 | ||
|---|---|---|---|
| 001 | bg | ||
| 003 | BPK | ||
| 005 | 20200110083949.0 | ||
| 008 | 010707s1998 pl f |000 0 pol d | ||
| 020 | _a3921690374 | ||
| 040 | _cBPK | ||
| 041 | 0 | _ager | |
| 080 | _a663.4 | ||
| 100 | 1 |
_aKunze, Wolfgang _d(1926-2016) _eAutor |
|
| 245 | 1 | 0 |
_aTechnologie Brauer und Mälzer / _cWolfgang Kunze ; Kapitel 11 von H. O. Mieth. |
| 250 | _a8. neu bearb. Aufl. | ||
| 260 |
_aBerlin : _bVLB, _c1998. |
||
| 300 |
_a847 s. : _bfot., rys. ; _c25 cm. |
||
| 504 | _aBibliogr. s. 829-834. - Indeks. | ||
| 650 | 4 | _aPiwowarstwo | |
| 700 | 1 | _aMieth, O. | |
| 856 |
_uhttp://koha.tu.koszalin.pl/cgi-bin/koha/opac-detail.pl?biblionumber=36570 _yKatalog online BPK |
||
| 942 |
_cKS _2UKD |
||
| 999 |
_c36570 _d36570 |
||